| 000 | 00443nam a2200157Ia 4500 | ||
|---|---|---|---|
| 008 | 151213s9999 xx 000 0 und d | ||
| 100 | _aM. R. Spiegel & L.J. Staphers | ||
| 245 |
_aTheory & Problem OF Statistics _cM. R. Spiegel & L.J. Staphers |
||
| 250 | _a3rd | ||
| 260 |
_aSingapur _bMc Grow Hill _c2004 |
||
| 300 | _a4237 p. | ||
| 650 | _aStatistics | ||
| 650 | _aStatistics | ||
| 700 | _aM. R. Spiegel & L.J. Staphers | ||
| 999 |
_c2661 _d2661 |
||